| 000 | 00564nam a2200193Ia 4500 | ||
|---|---|---|---|
| 005 | 20250317124252.0 | ||
| 008 | 008 250317s9999 xx 000 0 eng d | ||
| 037 | _aTextbook | ||
| 040 |
_aFMSL _beng _cFMSL |
||
| 041 |
_aeng _2eng |
||
| 084 |
_aX:8ogB28 P0 _qFMSL |
||
| 100 |
_aRender B _9741658 |
||
| 245 | 0 | _aQuantitative Analysis For Management | |
| 250 | _aEd 8 | ||
| 260 |
_aNew Delhi _bNew Delhi, Pearson Education _c2000 |
||
| 300 | _a726p | ||
| 942 |
_cTB _hX:8ogB28 P0 |
||
| 999 |
_c1254764 _d1254764 |
||